Matemáticas, azar, sociedad: conceptos básicos de estadística
Kaydedildi:
| Asıl Yazarlar: | , , , |
|---|---|
| Materyal Türü: | Kitap |
| Dil: | İspanyolca |
| Baskı/Yayın Bilgisi: |
Ciudad de México
Iberoamerica
1996
|
| Edisyon: | 2a. ed |
| Konular: | |
| Etiketler: |
Etiketle
Etiket eklenmemiş, İlk siz ekleyin!
|
MARC
| LEADER | 00000nam a2200000 a 4500 | ||
|---|---|---|---|
| 001 | UCQ3064 | ||
| 003 | CL-VaPUC | ||
| 008 | 980817e19960000MX |||||||||||||||||spa|d | ||
| 082 | 0 | 4 | |a 519.5 |b PER |2 21 |
| 100 | 0 | |a Perry, Patricia Inés |e author |9 417114 | |
| 700 | 0 | |a Meza, Vilma María |e author |9 417115 | |
| 700 | 0 | |a Fernández, Felipe |e author |9 417116 | |
| 700 | |a Gómez, Pedro |e author |9 601735 | ||
| 245 | 1 | 0 | |a Matemáticas, azar, sociedad: conceptos básicos de estadística |
| 250 | |a 2a. ed | ||
| 300 | |a 319 p | ||
| 942 | |c BK | ||
| 945 | |d 19980817 00:00:00 |a mvenant | ||
| 260 | |a Ciudad de México |b Iberoamerica |c 1996 | ||
| 650 | 0 | |a Matemática |9 260235 | |
| 650 | 0 | |a Estadísticas |9 258644 | |
| 650 | 0 | |a Sistemas sociales |9 308361 | |
| 583 | |a last modification |c 19980817 00:00:00 |k Rodrigo Vera | ||
| 999 | |c 273713 |d 273711 | ||
| 952 | |0 0 |1 0 |4 0 |6 519_500000000000000_PER_1996 |7 0 |8 A |9 309547 |a BIBMAT |b BIBMAT |c E_DIDACT |d 2019-11-20 |i 3450236 |o 519.5 PER 1996 |p 3450236 |r 2025-01-07 |w 2019-11-20 |y BK |k MAT | ||